000
00434nam a2200145Ia 4500
008
100204s9999 xx 000 0 und d
082
_b
10318
100
_a
भद्र्रे तुषार
245
_a
करान
260
_b
"ग्रंथाली वाचक चळवळ , मुंबई - कुर्ला"
_c
1987
300
_a
53
630
_a
करान
730
_a
करान
942
_c
BOOK
999
_c
454754
_d
454751